000 02618cam a2200409 a 4500
001 14514188
003 OSt
005 20140310181726.0
008 060823s2007 nyua b 001 0beng
010 _a 2006028011
020 _a0071472339 (alk. paper)
020 _a9780071472333 (alk. paper)
035 _a(OCoLC)ocm71146444
040 _aDLC
_cDLC
_dBAKER
_dC#P
_dYDXCP
_dIXA
_dBUR
_dDLC
050 0 0 _aHD 31
_b.Ed356 2007
082 0 0 _aIB 658
_bEd2 2007
100 1 _aEdersheim, Elizabeth Haas.
245 1 4 _aThe definitive Drucker /
_cElizabeth Haas Edersheim.
260 _aNew York :
_bMcGraw-Hill,
_c2007.
300 _axii, 289 p. :
_bill. ;
_c24 cm.
504 _aIncludes bibliographical references and index.
504 _a"Books by Peter F. Drucker": p. 271-273.
505 0 _aDoing business in the Lego world -- The customer : joined at the hip -- Innovation and abandonment -- Collaboration and orchestration -- People and knowledge -- Decision making : the chassis that holds the whole together -- The twenty-first-century CEO.
520 _a"For consultant Edersheim, a request directly from Peter Drucker to write about his life's work was a dream come true. For 16 months, Edersheim had unprecedented access to Drucker, talking with the father of modern management about business practices, economic changes, and contemporary trends--many of which he had predicted decades ago. During this period, she also interviewed top executives about Drucker's influence; they in turn gave their views on his management wisdom. This book delivers the most updated and comprehensive view of Drucker's contribution to the discipline of management over the past 75 years, updated for the modern business approach with new applications of his timeless principles.--From publisher description."--From source other than the Library of Congress
521 _blexile
562 _efor circulation. 1 copy available in the collection
650 0 _aManagement.
650 0 _aLeadership.
700 1 _aDrucker, Peter F.
_q(Peter Ferdinand),
_d1909-2005.
856 4 1 _3Table of contents only
_uhttp://www.loc.gov/catdir/toc/ecip0619/2006028011.html
856 4 2 _3Contributor biographical information
_uhttp://www.loc.gov/catdir/enhancements/fy0668/2006028011-b.html
856 4 2 _3Publisher description
_uhttp://www.loc.gov/catdir/enhancements/fy0668/2006028011-d.html
906 _a7
_bcbc
_corignew
_d1
_eecip
_f20
_gy-gencatlg
942 _2lcc
_cBK
999 _c2210
_d2210